000 00861nam a22002297a 4500
005 20150513162048.0
010 _aENG-112648
020 _a9789382396178
_c375.00
035 _aEN-96180
037 _bDBAD/PUB
082 _a306.42
100 _aHegde,Sasheej
245 0 0 _aRecontextualizing disciplines :
_cby Sasheej Hegde
_bthree lectures on method /
260 _aShimla
_bIndian Institute of Advanced Study
_c2014
270 _aRashtrapati Nivas
_bShimla
_e171005
300 _axvii,90p.
_c22cm(Hb)
500 _a Includes bibliographical references (pages 76-85).
520 _a Lectures delivered at Indian Institute of Advanced Study, Shimla, as part of visiting professor series in June/July 2012.
650 _a Knowledge, Sociology of.
650 _a Universities and colleges
_x Curricula.
942 _2ddc
_cEN
_mHEG
_h306.42
999 _c92820
_d92820